The accidental birdwatcher / (Record no. 164484)
[ view plain ]
| 000 -LEADER | |
|---|---|
| fixed length control field | 00466nam a2200169 4500 |
| 005 - DATE AND TIME OF LATEST TRANSACTION | |
| control field | 20190521145930.0 |
| 010 ## - LCCN (DPL NO) | |
| LC control number | ENG-125248 |
| 020 ## - INTERNATIONAL STANDARD BOOK NUMBER | |
| International Standard Book Number | 9780199466498 |
| Terms of availability | 400.00 |
| 035 ## - SYSTEM CONTROL NUMBER | |
| System control number | EN-108780 |
| 037 ## - SOURCE OF ACQUISITION | |
| Source of stock number/acquisition | DBAD/PUB |
| 082 ## - DEWEY DECIMAL CLASSIFICATION NUMBER | |
| Classification number | 598.072 |
| 100 ## - MAIN ENTRY--PERSONAL NAME | |
| Personal name | Spencer, Michael |
| 245 ## - TITLE STATEMENT | |
| Title | The accidental birdwatcher / |
| Statement of responsibility, etc | Michael Spencer |
| 260 ## - PUBLICATION, DISTRIBUTION, ETC. (IMPRINT) | |
| Name of publisher, distributor, etc | Bombay Natural History Society, |
| 300 ## - PHYSICAL DESCRIPTION | |
| Extent | vii,167 p. |
| Dimensions | 22cm(pbk) |
| 942 ## - ADDED ENTRY ELEMENTS (KOHA) | |
| Source of classification or shelving scheme | Dewey Decimal Classification |
| Item type | English Books |
| Classification part | 598.072 |
| Call number suffix | SPE |
| Withdrawn status | Lost status | Not for loan | Collection code | Home library | Current library | Date acquired | Source of acquisition | Cost, normal purchase price | Full call number | Barcode | Copy number | Cost, replacement price | Koha item type |
|---|---|---|---|---|---|---|---|---|---|---|---|---|---|
| Non-fiction | Andrews Gunj | Andrews Gunj | 21/05/2019 | DBAD/PUB | 400.00 | 598.072 SPE | EN-108780 | 1 | 400.00 | English Books |
